000 01051nam a2200289 a 4500
001 BRL_1622
005 20190320211307.0
008 140414s1954----u--abd####---#000-0#eng-#
041 _aeng
044 _au
050 4 _aF3429.3.T3
_b.B57 1954
100 1 _aBird, Junius Bouton
_d1907-1982
_927469
245 1 0 _aParacas fabrics and Nazca needlework, 3d century B.C. - 3rd century A.D.
_cby Junius Bird ; technical analysis by Louisa Bellinger.
260 _aWashington
_bNational Publishing Company
_c1954
300 _avii, 126 p.
_bil., láminas, mapas
_c32 cm.
440 0 _aWashington, D.C. Textile Museum. Catalogue raisonneì
_927470
500 _aAu1850
500 _aEstado físico: Camisa rota de las orillas.
504 _aBibliografía: p. 117-122
650 1 4 _aIndustria textil indígena
_zAmérica del Sur
_927471
650 1 4 _aTelas
_zPerú
_926719
651 4 _aParacas (Perú)
_xAntogüedades
_927472
651 4 _aNazca (Perú)
_xAntogüedades
_927473
700 1 _aBellinger, Louisa
_911741
902 _aGRL
942 _2lcc
_cB
999 _c10431
_d10431